00374cam a22001097a 4500008004000000082003000040100002500070245004300095260004800138300001100186440006700197180718b1978 xxu||||| |||| 00| 0 eng d aA81x54 In2/71/21/Pt 2 B/2 aCensus of India 1971 aUttar Pradesh: general economic tables aDelhibThe Controller of Publicationsc1978 a987+p. aCensus of India 1971. Series-21, Uttar Pradesh. Part II-B (ii)